令和7年大学入学共通テストの出題科目 - Statistics

General Stats
  • This quiz has been taken 31 times
  • The average score is 15 of 38
Answer Stats
Answer % Correct
国語
93%
物理
85%
化学
85%
生物
85%
数学Ⅰ
81%
地学
81%
英語
81%
情報Ⅰ
59%
ドイツ語
56%
フランス語
56%
中国語
56%
韓国語
52%
歴史総合,日本史探究
26%
歴史総合,世界史探究
26%
公共,倫理
26%
公共,政治・経済
26%
旧倫理
26%
旧政治・経済
26%
旧数学Ⅰ
26%
旧数学Ⅱ
26%
旧情報
26%
旧世界史A
26%
旧日本史A
26%
旧地理A
26%
旧世界史B
26%
旧日本史B
26%
旧地理B
26%
地理総合,地理探究
22%
旧現代社会
22%
旧情報関係基礎
22%
数学Ⅰ,数学A
22%
数学Ⅱ,数学B,数学C
22%
地理総合/歴史総合/公共
19%
旧簿記・会計
19%
物理基礎/化学基礎/生物基礎/地学基礎
19%
旧数学Ⅰ,旧数学A
15%
旧数学Ⅱ,旧数学B
15%
旧倫理,旧政治・経済
11%
No matching quizzes found
Score Distribution
Percent of People with Each Score
Percentile by Number Answered
Your Score History
You have not taken this quiz